Competition for Capital On the Role of Governments in an Integrated World Economy
Guardado en:
| Autor principal: | |
|---|---|
| Formato: | Libro |
| Lenguaje: | inglés |
| Publicado: |
Tübingen
Mohr
1993
|
| Edición: | 1. ed. |
| Colección: | Kieler Studien
253 |
| Materias: | |
| Etiquetas: |
Sin Etiquetas, Sea el primero en etiquetar este registro!
|
MARC
| LEADER | 00000nam a2200000 4500 | ||
|---|---|---|---|
| 001 | c005221 | ||
| 005 | 20221206074308.2 | ||
| 020 | |a 3-16-146079-0 | ||
| 041 | 0 | |a eng | |
| 044 | |a DE | ||
| 245 | 1 | 0 | |a Competition for Capital |b On the Role of Governments in an Integrated World Economy |c Stefan Sinn |
| 250 | |a 1. ed. | ||
| 264 | 1 | |a Tübingen |b Mohr |c 1993 | |
| 300 | |a 96 s. | ||
| 490 | 1 | |a Kieler Studien |v 253 | |
| 830 | 0 | |a Kieler Studien |v 253 | |
| 610 | 2 | 0 | |a makroekonomika |
| 610 | 2 | 0 | |a pohyb kapitálu |
| 610 | 2 | 0 | |a politika fiškálna |
| 610 | 2 | 0 | |a sadzby daňové |
| 610 | 2 | 0 | |a rozpočty |
| 610 | 2 | 0 | |a politika medzinárodná |
| 100 | 1 | |a Sinn, Stefan | |